Loading...
| Science - Biology | 0 | 6 | 1 | 0 | 55 | 39 | 71.17 | 4 | 6 | 0.00 | 0.00 |
| Science - Physics | 0 | 4 | 0 | 0 | 40 | 68 | 87.50 | 3 | 4 | 0.00 | 0.00 |
| History - Other | 0 | 3 | 0 | 0 | 30 | 60 | 73.00 | 3 | 3 | 0.00 | 0.00 |
| Science - Chemistry | 0 | 4 | 2 | 0 | 30 | 32 | 63.75 | 3 | 3 | 0.00 | 0.00 |
| History - World | 0 | 3 | 1 | 0 | 25 | 62 | 75.67 | 1 | 2 | 0.00 | 0.00 |
| History - European | 0 | 3 | 2 | 0 | 20 | 78 | 88.00 | 0 | 2 | 0.00 | 0.00 |
| Geography | 0 | 2 | 1 | 1 | 15 | 45 | 91.50 | 1 | 1 | 0.00 | 0.00 |
| Social Science | 0 | 2 | 2 | 1 | 10 | 104 | 113.00 | 0 | 1 | 0.00 | 0.00 |
| Religion | 0 | 1 | 0 | 0 | 10 | 122 | 122.00 | 1 | 1 | 0.00 | 0.00 |
| Science - Other | 0 | 2 | 3 | 0 | 5 | 83 | 91.50 | 1 | 2 | 0.00 | 0.00 |
| Mythology | 0 | 0 | 1 | 0 | -5 | 0.00 | 0 | 0 | 0.00 | 0.00 | |
| Fine Arts - Painting and Sculpture | 0 | 0 | 1 | 0 | -5 | 0.00 | 0 | 0 | 0.00 | 0.00 | |
| Current Events | 0 | 0 | 1 | 0 | -5 | 0.00 | 0 | 0 | 0.00 | 0.00 | |
| Fine Arts - Other | 0 | 0 | 2 | 0 | -10 | 0.00 | 0 | 0 | 0.00 | 0.00 |